| Tag |
First Indicator |
Second Indicator |
Subfields |
| LEADER |
00000cam a2200000 4500 |
| 001 |
in00000075255 |
| 005 |
20151008052616.0 |
| 008 |
780308s1934 nyu b f00010 eng c |
| 010 |
|
|
|a e 34000585
|
| 035 |
|
|
|a (OCoLC)03697489
|
| 035 |
|
|
|9 AAH4102AM
|
| 040 |
|
|
|a U. S. Office of Education for Library of Congress
|c GPM
|d TXA
|d UtOrBLW
|
| 049 |
|
|
|a TXAM
|c [97264]
|
| 050 |
|
0 |
|a LC151
|b .G7
|a LC5251.G7 1934
|
| 082 |
0 |
|
|a 374.873
|
| 092 |
|
|
|a 374.8
|b G783m
|
| 100 |
1 |
|
|a Gray, William S.
|q (William Scott),
|d 1885-1960.
|
| 245 |
1 |
0 |
|a Manual for teachers of adult elementary students. :
|b A revision of Manual for teachers of adult illiterates /
|c by William S. Gray. Compiled by Caroline A. Whipple, Mary L. Guyton [and] Elizabeth C. Morriss. Published by the American association for adult education in cooperation with the United States Office of education, Department of the interior, Washington, D. C.
|
| 264 |
|
1 |
|a [New York] :
|b [J. J. Little and Ives company],
|c [1934?]
|
| 300 |
|
|
|a v, 186 pages ;
|c 23 cm.
|
| 336 |
|
|
|a text
|b txt
|2 rdacontent
|
| 337 |
|
|
|a unmediated
|b n
|2 rdamedia
|
| 338 |
|
|
|a volume
|b nc
|2 rdacarrier
|
| 504 |
|
|
|a "Bibliography--adult education": pages 169-180; "Helpful illustrative and supplementary material obtainable at little or no cost": pages 183-184.
|
| 650 |
|
0 |
|a Literacy
|z United States.
|
| 650 |
|
0 |
|a Adult education.
|
| 700 |
1 |
|
|a Whipple, Caroline A.
|q (Caroline Almira)
|
| 700 |
1 |
|
|a Guyton, Mary Louise.
|
| 700 |
1 |
|
|a Morriss, Elizabeth Cleveland.
|
| 710 |
1 |
|
|a United States.
|b Office of Education.
|
| 999 |
|
|
|a MARS
|
| 999 |
f |
f |
|s 4107ecaa-e5be-3eaf-a69f-575567e9ba4b
|i bc5b1e4f-8034-33c5-aa55-8fd7057c27db
|t 0
|
| 952 |
f |
f |
|p normal
|a Texas A&M University
|b College Station
|c Sterling C. Evans Library
|d Evans: Library Stacks
|t 0
|e LC151 .G7
|h Library of Congress classification
|i unmediated -- volume
|m A14800857519
|
| 998 |
f |
f |
|a LC151 .G7
|t 0
|l Evans: Library Stacks
|